La Crisis del siglo XVII : (Registro nro. 157319)

Detalles MARC
000 -LEADER
fixed length control field 00859nam a22002297a 4500
005 - DATE AND TIME OF LATEST TRANSACTION
control field 20210823142617.0
008 - FIXED-LENGTH DATA ELEMENTS--GENERAL INFORMATION
fixed length control field 210823b sp ||||| |||| 00| 0 spa d
020 ## - INTERNATIONAL STANDARD BOOK NUMBER
International Standard Book Number 9788496859555
020 ## - INTERNATIONAL STANDARD BOOK NUMBER
International Standard Book Number 9789871566006
050 04 - LIBRARY OF CONGRESS CALL NUMBER
Classification number D246
Item number T74 2009
100 1# - MAIN ENTRY--PERSONAL NAME
Personal name Trevor-Roper, Hugh
240 14 - UNIFORM TITLE
Uniform title The crisis of the seventeenth century. religion, the reformation y social change.
Language of a work Español
245 13 - TITLE STATEMENT
Title La Crisis del siglo XVII :
Remainder of title Religión, reforma y cambio social /
Statement of responsibility, etc Hugh Trevor-Roper ; traducido por Lilia Mosconi
250 ## - EDITION STATEMENT
Edition statement Primera edición
260 ## - PUBLICATION, DISTRIBUTION, ETC. (IMPRINT)
Place of publication, distribution, etc Madrid, España :
Name of publisher, distributor, etc Katz,
Date of publication, distribution, etc 2009
300 ## - PHYSICAL DESCRIPTION
Extent 488 p. :
Other physical details ilustraciones,
Dimensions 23 cm.
490 0# - SERIES STATEMENT
Series statement Conocimiento ;
Volume number/sequential designation 3058
650 #7 - SUBJECT ADDED ENTRY--TOPICAL TERM
Source of heading or term lemb
Topical term or geographic name as entry element Reforma
Geographic subdivision Europa
General subdivision Historia
Chronological subdivision Siglo XVII
651 #7 - SUBJECT ADDED ENTRY--GEOGRAPHIC NAME
Source of heading or term lemb
Geographic name Europa
General subdivision Historia
Chronological subdivision Siglo XVII
700 1# - ADDED ENTRY--PERSONAL NAME
Personal name Mosconi, Lilia,
Relator term traductor
942 ## - ADDED ENTRY ELEMENTS (KOHA)
Source of classification or shelving scheme Biblioteca del Cogreso de los Estados Unidos
Koha item type Libro
Existencias
Estado de pérdida Fuente de clasificación Estado del daño No para préstamo Ubicación permanente Ubicación actual Apartado o colección Fecha de adquisición Edición Dependencia de educación superior (DES) Área del conocimiento Total Checkouts Clasificación Código de Barras Date last seen Número de copia Costo por reposición Tipo de recurso
  Biblioteca del Cogreso de los Estados Unidos     Biblioteca del Instituto de Investigaciones Históricas Biblioteca del Instituto de Investigaciones Históricas General 23/08/2021 1a ed. Humanidades Ciencias Sociales y Administrativas   D246 T74 2009 IIH000030468 23/08/2021 C:1 1.00 Libro